000 00628nam a22001937a 4500
005 20230704125036.0
040 _curs
050 _aHM 258 M37 1994
100 _95015
_aMaslog, Crispin C.
_eauthor
245 _aCommunication, values and society
_cCrispin C. Maslog, foreword by Teodoro Benigno
260 _aQuezon City
_bNew Day Publishers
_c1994
300 _a398 pages
336 _2rdacontent
_atext
_btxt
337 _2rdamedia
_aunmediated
_bn
338 _2rdacarrier
_avolume
_bnc
650 0 _94
_aCommunication.
_vSocial aspects
_zPhilippines
650 0 _95016
_aMass media
_vSocial aspects
_zPhilippines
942 _2lcc
_cF
999 _c69483
_d69482